Biblioteca

Íbamos a ser reinas : (Registro nro. 39352)

Detalles MARC
000 -LÍDER
Campo fijo de descripción fija 02302aam a2200325 i 4500
001 - NÚMERO DE CONTROL
Campo de control 768714001
003 - IDENTIFICADOR DEL NÚMERO DE CONTROL
Campo de control CO-MdFUSB
005 - FECHA Y HORA DE LA ULTIMA TRANSACCIÓN
control field 20250529152601.0
007 - CAMPO FIJO DE DESCRIPCIÓN FIJA--INFORMACIÓN GENERAL
Campo fijo de descripción fija ta
008 - ELEMENTOS DE LONGITUD FIJA -- INFORMACIÓN GENERAL
Campo fijo de descripción fija -- Información general 250529t2002 sp ||||| |||| 00| 0 spa d
020 ## - NÚMERO INTERNACIONAL NORMALIZADO PARA LIBROS
Número Internacional Normalizado del libro 84-666-0675-0
040 ## - FUENTE DE CATALOGACIÓN
Agencia que realiza la transcripción CO-MdFUSB
041 0# - CÓDIGO DE IDIOMA
Código de idioma para texto/pista de sonido o título separado spa
082 04 - NÚMERO DE CLASIFICACIÓN DECIMAL DEWEY
Número de la edición del Dewey 23
Número de clasificación 303.6
Clave de autor-Numero de item V293i
100 1# - ASIENTO PRINCIPAL--NOMBRE PERSONAL
Nombre personal Varela, Nuria
Término relacionador autor
245 10 - TÍTULO
Título del Material Íbamos a ser reinas :
Parte restante del título - Subtitulo mentiras y complicidades que sustentan la violencia contra las mujeres
Mención de responsabilidad, etc. / Nuria Varela
250 ## - MENCIÓN DE EDICIÓN
Mención de edición segunda edición
264 #1 - PRODUCCIÓN, PUBLICACIÓN, DISTRIBUCIÓN, MANUFACTURA, Y COPYRIGHT
Nombre del productor, publicador, distribuidor Ediciones B,
Lugar de producción, publicación, distribución, manufactura Barcelona, España :
Fecha de producción, publicación, distribución, manufactura, o copyright [2002]
264 #4 - PRODUCCIÓN, PUBLICACIÓN, DISTRIBUCIÓN, MANUFACTURA, Y COPYRIGHT
Fecha de producción, publicación, distribución, manufactura, o copyright ©2002
300 ## - DESCRIPCIÓN FÍSICA
Extensión 309 páginas
336 ## - TIPO DE CONTENIDO
Término de tipo de contenido texto
Código de tipo de contenido txt
Fuente rdacontent
337 ## - TIPO DE MEDIO
Fuente rdamedia
Nombre del tipo de medio sin mediación
Código del tipo de medio n
338 ## - TIPO DE SOPORTE
Fuente rdacarrier
Nombre del tipo de soporte volumen
Código Tipo de soporte nc
520 ## - NOTA DE RESUMEN, ETC.
Nota de sumario, etc. Edición actualizada de este libro de referencia. Una investigación rigurosamente documentada sobre la violencia de género. La violencia contra las mujeres en el siglo XXI perdura con la misma fuerza con que ha recorrido toda la historia de la humanidad. Los agresores no son locos ni enfermos; ni su edad ni la pobreza ni el alcohol los justifican. Desde su primera aparición, Íbamos a ser reinas se ha convertido en el libro esencial para desentrañar por qué se tortura a las mujeres en sus propias casas, cómo lo soportan ellas y qué mecanismos sociales, educativos, legales y religiosos actúan como cómplices eficaces para que la sociedad no se decida a terminar con una plaga que cada año asesina a mujeres en España y en todo el mundo. Íbamos a ser reinas propone un recorrido por el espinoso tema de la violencia de género: revisa los mitos y errores que corren sobre la violencia contra las mujeres, habla del miedo, habla del sexo, habla de las desiguales relaciones de poder que rigen en muchas parejas, y aborda el maltrato en sus vertientes psicológicas, judicial, social y familiar. También alude a la libertad y al derecho a una vida digna, ofrece cifras actualizadas y presenta una pequeña guía de recursos sociales al alcance de todas aquellas personas que puedan necesitarlos. Reseña: Una investigación seria, rigurosa y documentada sobre la violencia de género. Marcela Serrano
563 ## - NOTA DE ENCUADERNACIÓN
Nota de encuadernación Rústico
653 ## - TÉRMINO DE INDIZACIÓN - NO CONTROLADO
Término no controlado Violencia -
653 ## - TÉRMINO DE INDIZACIÓN - NO CONTROLADO
Término no controlado Mujer
942 ## - TIPO DE MATERIAL (KOHA)
Tipo de Item KOHA Libros General
945 ## - INFORMACIÓN LOCAL DEL REGISTRO
Catalogador Elías Tolentino
Existencias
Estado de Material Estado de Perdido Estado de Dañado No para Préstamo Colección Tomo Biblioteca de Origen Biblioteca Permanente Fecha de Adquisición Total de Préstamos Signatura Topográfica Código de Barras Última vez visto Ejemplar/Existencia Fecha de Remplazo Tipo de Material
        Colección General   Biblioteca FUSBC Biblioteca FUSBC 18/01/2005   G 303.6 V293i 12285 12/12/2019 1 26/01/2016 Libros General

Biblioteca FUSBC | Teléfono: (57+4) 349 88 10 Ext. 141| WhatsApp (+57) 3005338115 
E-mail: biblioteca@unisbc.edu.co | Calle 76 87-14 Robledo Palenque, Medellín, Colombia

Con tecnología Koha